Boys and Girls names that start with O - Statistics

General Stats
  • This quiz has been taken 459 times
  • The average score is 6 of 15
Answer Stats
Answer % Correct
Olive
96%
Olivia
96%
Oliver
84%
Oscar
65%
Owen
59%
Ophelia
36%
Oran
22%
Orion
22%
Ona
20%
Orlando
18%
Odessa
17%
Oswald
17%
Oral
6%
O'Brien
5%
Owain
3%
No matching quizzes found
Score Distribution
Percent of People with Each Score
Percentile by Number Answered
Your Score History
You have not taken this quiz